Statistiques concernant Trouvez le nom des cocktails

Cliquez ici pour prendre le quiz!

Statistiques générales

  • Ce quiz a été pris 121 fois
  • Le résultat moyen est 5 sur 15

Statistiques - réponses

HintRéponse% Correct
Menthe/Rhum/Eau Pétillante/citron vert/Sucre rouxMojito
94%
Cola/Rhum/Citron vertCuba libre
60%
Biere/Grenadine/LimonadeMonaco
59%
Tequila/Jus d'orange/GrenadineTequila Sunrise
53%
Cachaça/Citron vert/SucreCaipirinha
33%
Sirop sucre de canne/Creme fraiche liquide/Café/WhiskyIrish Coffee
31%
Tequila/ Triple Sec (Cointreau...)/jus de citron vertMargarita
30%
Rhum/Citron vert/sucre rouxTi punch
27%
Vodka/Curaçao bleu/jus de citronBlue Lagoon
27%
Vodka/Liqueur de café/Crème fraiche liquideRusse blanc
24%
Fraise/Citron/Sucre/Vin rouge/Orange/CannelleSangria
23%
Pastis/Eau/Sirop d'orgeatMauresque
19%
Gin/Jus de citron/Eau Pétillante/Sirop de sucre de canneGin Fizz
17%
Vodka/Lillet Blanc/Gin/zeste citronVesper
6%
Tequila/Jus d'ananasPinata
0%

Distribution des résultats

Percentile par nombre de réponses

% des personnes avec chaque résultat

Votre développement - résultats

Vous n’avez pas pris ce quiz